Corona-Wortschatz - Wortbildungstypen im Deutschen und im Spanischen im Kontrast

Elmentve itt :
Bibliográfiai részletek
Szerző: Németh Lili
További közreműködők: Scheibl György
Dokumentumtípus: Cikk
Megjelent: Institut für Germanistik, Universität Szeged Szeged 2024
Sorozat:Acta germanica iuvenum
Kulcsszavak:Nyelvtudomány - összehasonlító - német-spanyol
Tárgyszavak:
doi:10.14232/usz.agi.2024.4.6

Online Access:http://acta.bibl.u-szeged.hu/85615
LEADER 00914nab a2200241 i 4500
001 acta85615
005 20241119113521.0
008 241119s2024 hu o 000 ger d
020 |a 978-963-306-978-3 
022 |a 2498-5511 
024 7 |a 10.14232/usz.agi.2024.4.6  |2 doi 
040 |a SZTE Egyetemi Kiadványok Repozitórium  |b hun 
041 |a ger 
100 1 |a Németh Lili 
245 1 0 |a Corona-Wortschatz - Wortbildungstypen im Deutschen und im Spanischen im Kontrast  |h [elektronikus dokumentum] /  |c  Németh Lili 
260 |a Institut für Germanistik, Universität Szeged  |b Szeged  |c 2024 
300 |a 217-281 
490 0 |a Acta germanica iuvenum 
650 4 |a Bölcsészettudományok 
650 4 |a Nyelvek és irodalom 
695 |a Nyelvtudomány - összehasonlító - német-spanyol 
700 0 1 |a Scheibl György 
856 4 0 |u http://acta.bibl.u-szeged.hu/85615/1/germanica_iuvenum_004_217-281.pdf  |z Dokumentum-elérés